000 00465nam a2200181Ia 4500
001 17405
005 20260306171515.0
008 260306s9999||||xx |||||||||||||| ||und||
041 _aESP
082 _a657.863
_bV19
100 _aValdiviezo Rosado, José
_eAUT
245 0 _aSector agrícola:
_btratamiento tributario, contable y laboral
260 _c2022
300 _a127 páginas :
_c24 cm.
650 _aGEN
654 _aCCO
942 _cLIB
_dJUS
_fJUS
_2ddc
_n
999 _c17405
_d17405